000 00503cam a2200145 4500500
005 20251012011537.0
041 _afre
042 _adc
100 1 0 _aDennehy, Myriam
_eauthor
245 0 0 _aGayatri C. Spivak: “Je m’engage pour les subalternes sur le terrain”
260 _c2016.
500 _a19
786 0 _nPhilosophie magazine | 100 | 6 | 2016-06-01 | p. 35-35 | 1951-1787
856 4 1 _uhttps://shs.cairn.info/magazine-philosophie-magazine-2016-6-page-35?lang=fr&redirect-ssocas=7080
999 _c1523441
_d1523441